Российский вестник детской хирургии, анестезиологии и реаниматологии (Запись № 4055133)

Подробности
000 -МАРКЕР
контрольное поле 04510nas1a22004451i 4500
001 - ИДЕНТИФИКАТОР ЗАПИСИ
контрольное поле RU\NLR\Per\722936
005 - ИДЕНТИФИКАТОР ВЕРСИИ
контрольное поле 20260408022114.0
011 0# - МЕЖДУНАРОДНЫЙ СТАНДАРТНЫЙ НОМЕР СЕРИАЛЬНОГО ИЗДАНИЯ (ISSN)
Номер (ISSN) 2587-6554
Уточнения Online
011 ## - МЕЖДУНАРОДНЫЙ СТАНДАРТНЫЙ НОМЕР СЕРИАЛЬНОГО ИЗДАНИЯ (ISSN)
Номер (ISSN) 2219-4061
Уточнения Print
035 ## - ДРУГИЕ СИСТЕМНЫЕ НОМЕРА
Идентификатор записи (NLR Aleph) 002970005
100 ## - ДАННЫЕ ОБЩЕЙ ОБРАБОТКИ
Данные общей обработки 20101125a20109999|||y0rusy50 ca
101 0# - ЯЗЫК РЕСУРСА
Язык текста, звукозаписи и т.д. русский
102 ## - СТРАНА ПУБЛИКАЦИИ ИЛИ ПРОИЗВОДСТВА
Страна публикации Российская Федерация
110 ## - ПОЛЕ КОДИРОВАННЫХ ДАННЫХ: ПРОДОЛЖАЮЩИЕСЯ РЕСУРСЫ
Кодированные данные продолжающегося ресурса ah|||||||||
200 1# - ЗАГЛАВИЕ И СВЕДЕНИЯ ОБ ОТВЕТСТВЕННОСТИ
Основное заглавие Российский вестник детской хирургии, анестезиологии и реаниматологии
Параллельное заглавие Rossijskiy vestnik detskoi khirurgii, anesteziologii i reanimatologii
-- The Russian bulletin of children's surgery, anesthesiology and resuscitation
Сведения, относящиеся к заглавию ежеквартальный научно-практический журнал
-- официальное издание общероссийской общественной организации "Российская ассоциация детских хирургов"
Язык параллельного заглавия интерлингва
-- английский
207 #0 - ОБЛАСТЬ СПЕЦИФИЧЕСКИХ СВЕДЕНИЙ: НУМЕРАЦИЯ ПРОДОЛЖАЮЩИХСЯ РЕСУРСОВ
Нумерация: даты и обозначения томов 2010, № 1 -
210 ## - ПУБЛИКАЦИЯ, РАСПРОСТРАНЕНИЕ И ДР.
Место издания, распространения и т.д. Москва
Имя издателя, распространителя и т. д. Российская ассоциация детских хирургов
Дата издания, распространения и т.д. 2010 -
510 1# - ПАРАЛЛЕЛЬНОЕ ЗАГЛАВИЕ
Параллельное заглавие Russian journal of pediatric surgery, anesthesia and intensive care
Язык заглавия английский
510 1# - ПАРАЛЛЕЛЬНОЕ ЗАГЛАВИЕ
Параллельное заглавие Rossijskiy vestnik detskoi khirurgii, anesteziologii i reanimatologii
Язык заглавия интерлингва
510 1# - ПАРАЛЛЕЛЬНОЕ ЗАГЛАВИЕ
Параллельное заглавие The Russian bulletin of children's surgery, anesthesiology and resuscitation
Язык заглавия английский
510 1# - ПАРАЛЛЕЛЬНОЕ ЗАГЛАВИЕ
Параллельное заглавие Rossijskij vestnik detskoj hirurgii, anesteziologii i reanimatologii
Язык заглавия интерлингва
606 1# - НАИМЕНОВАНИЕ ТЕМЫ КАК ПРЕДМЕТ
Наименование темы Хирургия детского возраста
Формальный подзаголовок Периодические издания
Системный номер авторитетной/нормативной записи 956310
Идентификатор авторитетной/нормативной записи RU\NLR\AUTH\6637482
606 1# - НАИМЕНОВАНИЕ ТЕМЫ КАК ПРЕДМЕТ
Наименование темы Анестезиология детского возраста
Формальный подзаголовок Периодические издания
Системный номер авторитетной/нормативной записи 973783
Идентификатор авторитетной/нормативной записи RU\NLR\AUTH\6646791
606 1# - НАИМЕНОВАНИЕ ТЕМЫ КАК ПРЕДМЕТ
Наименование темы Реаниматология детская
Формальный подзаголовок Периодические издания
Системный номер авторитетной/нормативной записи 1559191
Идентификатор авторитетной/нормативной записи RU\NLR\AUTH\66982267
686 1# - ИНДЕКСЫ ДРУГИХ КЛАССИФИКАЦИЙ
Индекс Р733.45я54
686 1# - ИНДЕКСЫ ДРУГИХ КЛАССИФИКАЦИЙ
Индекс Р733.451я54
686 1# - ИНДЕКСЫ ДРУГИХ КЛАССИФИКАЦИЙ
Индекс Р733-5,33я54
711 02 - НАИМЕНОВАНИЕ ОРГАНИЗАЦИИ - АЛЬТЕРНАТИВНАЯ ОТВЕТСТВЕННОСТЬ
Начальный элемент ввода Российская ассоциация детских хирургов
Системный номер авторитетной/нормативной записи 861153
Идентификатор авторитетной/нормативной записи RU\NLR\AUTH\8810182269
711 02 - НАИМЕНОВАНИЕ ОРГАНИЗАЦИИ - АЛЬТЕРНАТИВНАЯ ОТВЕТСТВЕННОСТЬ
Начальный элемент ввода Объединение детских анестезиологов-реаниматологов России
Системный номер авторитетной/нормативной записи 583713
Идентификатор авторитетной/нормативной записи RU\NLR\AUTH\880460512
711 02 - НАИМЕНОВАНИЕ ОРГАНИЗАЦИИ - АЛЬТЕРНАТИВНАЯ ОТВЕТСТВЕННОСТЬ
Начальный элемент ввода Ассоциация детских анестезиологов-реаниматологов России
Системный номер авторитетной/нормативной записи 596303
Идентификатор авторитетной/нормативной записи RU\NLR\AUTH\880467157
852 ## - МЕСТОНАХОЖДЕНИЕ И ШИФР ХРАНЕНИЯ
Идентификатор организации NLR
Шифр хранения (Call Number) П17/1444
942 ## - ДОПОЛНИТЕЛЬНЫЕ ЭЛЕМЕНТЫ ЗАПИСИ (АБИС)
Тип экземпляра АБИС Журнал
980 ## - КОЛЛЕКЦИЯ
Название коллекции Русская периодика

Нет доступных экземпляров.